| 000 | 00852nam a2200217 i 4500 | ||
|---|---|---|---|
| 001 | 184030 | ||
| 003 | ES-MaACL | ||
| 005 | 20240531062946.0 | ||
| 008 | 150223s1996 sp |||| | spa d | ||
| 080 | _a342.4(460)"1978"(094.5) | ||
| 110 | 1 |
_aEspaña. _tConstitución, 1978 _93657 |
|
| 245 | 1 | 0 |
_aConstitución española de 1978 : _bpromulgada el 27 de diciembre de 1978 y publicada en el Boletín Oficial del Estado el 29, reformada el 27 de agosto de 1992. |
| 260 |
_aMadrid : _bCarposa : _bCortes Generales, _c1996. |
||
| 300 |
_aXIX, [108] p. ; _c21 cm. |
||
| 650 | 4 |
_911292 _aConstituciones- _zEspaña |
|
| 655 | 7 |
_2tgfbne _9226828 _aConstituciones |
|
| 710 | 1 |
_aEspaña. _bCortes Generales. _93668 |
|
| 852 | 4 |
_aES-MaACL _jA-13405 _9190996 _bR.150217 _cDEPO1 _dOlim: N-6405 |
|
| 942 |
_cMONOGRAFIA _2udc |
||
| 999 |
_c184030 _d184030 |
||